INTERNATIONAL RELATIONS SINCE 1919 (Record no. 2832)
[ view plain ]
| 000 -LEADER | |
|---|---|
| fixed length control field | 00407cam a2200169ua 4500 |
| 008 - FIXED-LENGTH DATA ELEMENTS--GENERAL INFORMATION | |
| fixed length control field | 131128n II |||gr||||Z||||||eng |
| 040 ## - CATALOGING SOURCE | |
| Original cataloging agency | MAIN |
| 041 ## - LANGUAGE CODE | |
| -- | English |
| 082 ## - DEWEY DECIMAL CLASSIFICATION NUMBER | |
| Classification number | 327 ROY |
| 100 ## - MAIN ENTRY--PERSONAL NAME | |
| Personal name | ROY, A. C. |
| 245 ## - TITLE STATEMENT | |
| Title | INTERNATIONAL RELATIONS SINCE 1919 |
| 260 ## - PUBLICATION, DISTRIBUTION, ETC. | |
| Place of publication, distribution, etc. | new delhi: |
| Name of publisher, distributor, etc. | WORLD PRESS LTD, |
| Date of publication, distribution, etc. | 1983. |
| 300 ## - PHYSICAL DESCRIPTION | |
| Extent | 616: |
| Dimensions | 24CM. |
| 942 ## - ADDED ENTRY ELEMENTS (KOHA) | |
| Koha item type | Books |
| 653 ## - INDEX TERM--UNCONTROLLED | |
| Uncontrolled term | International relations |
| Withdrawn status | Lost status | Damaged status | Not for loan | Collection code | Home library | Current library | Shelving location | Date acquired | Full call number | Barcode | Date last seen | Copy number | Price effective from | Koha item type |
|---|---|---|---|---|---|---|---|---|---|---|---|---|---|---|
| TBPSC | Central Library and Information Centre Sibsagar Girls College | Central Library and Information Centre Sibsagar Girls College | Political Science Rack | 07.03.1985 | 327 ROY | 11025 | 27.02.2020 | 1 | 27.02.2020 | Books |